NFL Top 100 Players of 2023 - Statistics

General Stats
  • This quiz has been taken 15 times
  • The average score is 66 of 100
Answer Stats
Rank Team Position Player % Correct
3. PHI QB Jalen Hurts
100%
6. CIN QB Joe Burrow
100%
8. BUF QB Josh Allen
100%
2. MIN WR Justin Jefferson
100%
1. KC QB Patrick Mahomes
100%
5. KC TE Travis Kelce
100%
7. MIA WR Tyreek Hill
100%
11. LAR DT Aaron Donald
93%
10. KC DT Chris Jones
93%
19. SF TE George Kittle
93%
37. PHI C Jason Kelce
93%
70. LAC LB Joey Bosa
93%
52. WAS DT Jonathan Allen
93%
4. SF DE Nick Bosa
93%
27. PIT LB TJ Watt
93%
64. GB RB Aaron Jones
86%
22. PHI WR AJ Brown
86%
67. DET WR Amon-Ra St. Brown
86%
25. TEN RB Derrick Henry
86%
100. PHI WR DeVonta Smith
86%
15. SF LB Fred Warner
86%
77. SEA QB Geno Smith
86%
97. MIN S Harrison Smith
86%
32. LAC QB Justin Herbert
86%
17. LVR DE Maxx Crosby
86%
9. DAL LB Micah Parsons
86%
20. CLE DE Myles Garrett
86%
24. BAL LB Roquan Smith
86%
23. NYJ CB Sauce Gardner
86%
16. BUF WR Stefon Diggs
86%
14. SF OT Trent Williams
86%
60. DAL CB Trevon Diggs
86%
84. CLE DE Za'Darius Smith
86%
34. DAL WR CeeDee Lamb
79%
35. SF RB Christian McCaffrey
79%
13. LVR WR Davante Adams
79%
99. DAL DE DeMarcus Lawrence
79%
28. NYG DT Dexter Lawrence
79%
95. NO RB Jamaal Williams
79%
42. MIN QB Kirk Cousins
79%
72. BAL QB Lamar Jackson
79%
53. TB WR Mike Evans
79%
29. CLE RB Nick Chubb
79%
40. NYJ DT Quinnen Williams
79%
96. JAX QB Trevor Lawrence
79%
51. NYJ QB Aaron Rodgers
71%
47. LAR WR Cooper Kupp
71%
56. DAL QB Dak Prescott
71%
61. SF WR Deebo Samuel
71%
30. LAC S Derwin James
71%
39. CIN WR Ja'Marr Chase
71%
44. MIA WR Jaylen Waddle
71%
12. LVR RB Josh Jacobs
71%
18. PIT S Minkah Fitzpatrick
71%
31. NYG RB Saquon Barkley
71%
82. MIA QB Tua Tagovailoa
71%
45. PIT DT Cameron Heyward
64%
74. NYJ WR Garrett Wilson
64%
26. GB CB Jaire Alexander
64%
36. MIA CB Jalen Ramsey
64%
66. DET QB Jared Goff
64%
41. PHI OT Lane Johnson
64%
80. BAL TE Mark Andrews
64%
49. DEN CB Patrick Surtain II
64%
21. LAC RB Austin Ekeler
57%
73. ARI S Budda Baker
57%
91. NYJ RB Dalvin Cook
57%
86. CHI QB Justin Fields
57%
75. CIN DE Trey Hendrickson
57%
62. SEA LB Bobby Wagner
50%
50. NO DE Cameron Jordan
50%
43. NO LB Demario Davis
50%
58. TEN DT Jeffery Simmons
50%
59. DEN S Justin Simmons
50%
38. LAC LB Khalil Mack
50%
94. WAS WR Terry McLaurin
50%
98. TB OT Tristan Wirfs
50%
68. DAL G Zack Martin
50%
88. DET DE Aidan Hutchinson
43%
71. IND DT DeForest Buckner
43%
89. NO CB Marshon Lattimore
43%
55. DAL RB Tony Pollard
43%
54. CAR LB Brian Burns
36%
65. PHI CB Darius Slay
36%
90. TEN WR DeAndre Hopkins
36%
79. SF LB Dre Greenlaw
36%
93. LAC LB Eric Kendricks
29%
85. HOU OT Laremy Tunsil
29%
33. NE LB Matthew Judon
29%
69. BUF LB Matt Milano
29%
48. PHI LB Haason Reddick
21%
57. BUF S Jordan Poyer
21%
78. SF S Talanoa Hufanga
21%
76. SEA CB Tariq Woolen
21%
87. ATL G Chris Lindstrom
14%
81. MIA DT Christian Wilkins
14%
46. NYJ LB CJ Mosley
14%
63. ATL DE Grady Jarrett
14%
92. BAL CB Marlon Humphrey
14%
83. MIA OT Terron Armstead
14%
No matching quizzes found
Score Distribution
Percent of People with Each Score
Percentile by Number Answered
Your Score History
You have not taken this quiz